000
00293nam a2200085Ia 4500
245
0
_a
Occupational health : management and practice for health practitioners
100
_a
Acutt, J. Cape Town, South Africa, 2011 4th ed
_9
25442
942
_c
BK
008
210817s9999 xx 000 0 und d
999
_c
300366
_d
300365